Chiclete e a grande luta dos polegares (Record no. 192992)

MARC details
000 -LÍDER
campo de controle de tamanho fixo 00396 a2200157 4500
001 - NÚMERO DE CONTROLE
campo de controle 192992
020 ## - ISBN - INTERNATIONAL STANDARD BOOK NUMBER
ISBN - International Standard Book Number 978-85-16-09633-5
040 ## - FONTE DA CATALOGAÇÃO
Instituição que transcreveu o registro Magnum
100 ## - ENTRADA PRINCIPAL--NOME PESSOAL
Nome pessoal Mc Donald, Megan
240 10 - TÍTULO UNIFORME
Título uniforme Chiclete e a grande luta dos polegares
Idioma da obra por
245 10 - TÍTULO
Título Chiclete e a grande luta dos polegares
300 ## - DESCRIÇÃO FÍSICA
Extensão 146
362 0# - DATAS DE PUBLICAÇÃO E/OU DESIGNAÇÃO SEQUENCIAL
Datas de publicação e/ou designação sequencial 2014
697 ## - ENTRADA DE ASSUNTO LOCAL--ENTIDADE COLETIVA (RLIN)
Nome corporativo ou nome da jurisdição LITERATURA INFANTO-JUVENIL ESTRANGEIRA
942 ## - ELEMENTOS DE ENTRADA ADICIONADOS (KOHA)
Tipo de material Koha Livros
Holdings
Situação do descarte Situação das perdas Situação física Não pode ser emprestado Biblioteca de origem Biblioteca atual Data de aquisição Total de empréstimos Número de chamada completo Código de barras Data de último acesso Data do preço efetivo Tipo de material Koha
        Magnum Magnum 08/06/2024   11.890.4.4 MAG00071890 08/06/2024 08/06/2024 Livros
        Magnum Magnum 08/06/2024   11.890.4.4 MAG00075131 08/06/2024 08/06/2024 Livros